000
00304nam a22001337a 4500
008
210428b ||||| |||| 00| 0 eng d
041
_a
eng
080
_2
5th
_a
53
082
_a
53
100
_a
43
101
_a
FIZ
245
_a
Physical Science with Modern Applications
_c
Merken, M
942
_2
udc
_c
BK
999
_c
56880
_d
56880